000 00695nam a2200205 a 4500
001 000045830
005 20201002052452.0
008 100222s1982 dr 000 0 spa d
040 _aDO-SdBNP
_bspa
_cBNPHU
082 _a342.729302
_bR426c, 1982
110 2 _aRepública Dominicana.
_9447
240 1 0 _aConstitución (1966)
245 1 0 _aConstitución de la República Dominicana 1966.
260 _aSanto Domingo :
_bAlfa y Omega,
_c1982.
300 _a73 p. ;
_c17 cm.
590 _aInventariado, 2018/ YL
651 4 _aRepública Dominicana
_xConstitución (1966{Rpara}
_910405
651 4 _aRepública Dominicana
_zDerecho Constitucional
_9449
910 _aValidado. Control de calidad MFF
999 _c45319
_d45319